<?xml version="1.0" encoding="UTF-8"?>
<record
    xmlns:xsi="http://www.w3.org/2001/XMLSchema-instance"
    xsi:schemaLocation="http://www.loc.gov/MARC21/slim http://www.loc.gov/standards/marcxml/schema/MARC21slim.xsd"
    xmlns="http://www.loc.gov/MARC21/slim">

  <leader>01035cam a22002651  4500</leader>
  <controlfield tag="001">ne 68002140 </controlfield>
  <controlfield tag="003">DLC</controlfield>
  <controlfield tag="005">20260227111842.0</controlfield>
  <controlfield tag="008">710901r19681863le       d    00010 eng  </controlfield>
  <datafield tag="010" ind1=" " ind2=" ">
    <subfield code="a">ne 68002140 </subfield>
  </datafield>
  <datafield tag="040" ind1=" " ind2=" ">
    <subfield code="a">DLC</subfield>
    <subfield code="c">DLC</subfield>
    <subfield code="d">DLC</subfield>
  </datafield>
  <datafield tag="041" ind1="0" ind2=" ">
    <subfield code="a">engara</subfield>
  </datafield>
  <datafield tag="050" ind1="0" ind2="0">
    <subfield code="a">PJ6640</subfield>
    <subfield code="b">.L3 1968</subfield>
  </datafield>
  <datafield tag="082" ind1="0" ind2="0">
    <subfield code="a">492.732</subfield>
  </datafield>
  <datafield tag="100" ind1="1" ind2="0">
    <subfield code="a">Lane, Edward William,</subfield>
    <subfield code="d">1801-1876.</subfield>
  </datafield>
  <datafield tag="245" ind1="1" ind2="3">
    <subfield code="a">An Arabic-English lexicon,</subfield>
    <subfield code="c">by Edward William Lane.</subfield>
  </datafield>
  <datafield tag="260" ind1="0" ind2=" ">
    <subfield code="a">Beirut,</subfield>
    <subfield code="b">Librairie du Liban,</subfield>
    <subfield code="c">1968.</subfield>
  </datafield>
  <datafield tag="300" ind1=" " ind2=" ">
    <subfield code="a">8 v. (xxxiv, 3064 p.)</subfield>
    <subfield code="c">33 cm.</subfield>
  </datafield>
  <datafield tag="500" ind1=" " ind2=" ">
    <subfield code="a">Photo-offset of the edition published in London, 1863-93.</subfield>
  </datafield>
  <datafield tag="500" ind1=" " ind2=" ">
    <subfield code="a">Vols. 6-8 edited by Stanley Lane-Poole.</subfield>
  </datafield>
  <datafield tag="500" ind1=" " ind2=" ">
    <subfield code="a">Memoir of Edward William Lane by Stanley Lane-Poole: v. 5, p. [v]-xxxix.</subfield>
  </datafield>
  <datafield tag="505" ind1="0" ind2=" ">
    <subfield code="a">[pt. 1. &#x2BC; - th.--pt. 2. j - kh.--pt. 3. d - z.--pt. 4. s - &#x1E63;.--pt. 5. &#x1E0D; - &#x2BB;.--pt. 6. gh - f.--pt. 7. q - m.--pt. 8. n - y, and suppl. to pts. 7 and 8.</subfield>
  </datafield>
  <datafield tag="650" ind1=" " ind2="0">
    <subfield code="a">Arabic language</subfield>
    <subfield code="x">Dictionaries</subfield>
    <subfield code="x">English.</subfield>
  </datafield>
  <datafield tag="700" ind1="2" ind2="1">
    <subfield code="a">Lane-Poole, Stanley,</subfield>
    <subfield code="d">1854-1931,</subfield>
    <subfield code="e">ed.</subfield>
  </datafield>
  <datafield tag="999" ind1=" " ind2=" ">
    <subfield code="c">50456</subfield>
    <subfield code="d">50456</subfield>
  </datafield>
</record>
